000 01911cam a2200337 a 4500
001 12370044
005 20050209091840.0
008 010405s2001 mau b 001 0 eng
010 _a 2001031277
020 _a9780070131514 (hc. : alk. paper)
040 _aDLC
_cDLC
050 0 0 _aQA76.6
_b.I5858 2001
082 0 0 _a005.1
_221
_bALG
245 0 0 _aIntroduction To Algorithms
_cThomas H. Cormen ... [et al.].
246 3 0 _aAlgorithms
250 _a2nd ed.
260 _aCambridge, Mass. :
_bMIT Press,
_cc2001.
300 _axxi, 1180 p. cm.
500 _aRev. ed. of: Introduction to algorithms / Thomas H. Cormen, Charles E. Leiserson, Ronald L. Rivest. c1990.
504 _aIncludes bibliographical references (p. [1127]-1130) and index.
650 0 _aComputer programming.
_99648
650 0 _aComputer algorithms.
_99649
700 1 _aCormen, Thomas H.
_99650
700 1 _aCormen, Thomas H.
_tIntroduction to algorithms.
_99651
942 _2ddc
_cBB
999 _c12982
_d12982